| 000 | 00538cam a22002171 4500 | ||
|---|---|---|---|
| 001 | sa 68013534 | ||
| 003 | DLC | ||
| 005 | 20260227112622.0 | ||
| 008 | 890925s1966 io 000 0 ind | ||
| 010 | _asa 68013534 | ||
| 035 | _a(OCoLC)23574669 | ||
| 040 |
_aDLC _cMiU _dDLC |
||
| 042 | _apremarc | ||
| 050 | 0 | 0 |
_aBP184.3 _b.S9 |
| 100 | 1 | _aSulaiman, Zainuddin. | |
| 245 | 1 | 0 | _aRahasia shalat. |
| 250 | _aTjet. 1. | ||
| 260 |
_aBandung, _bJajasan Kemakmuran Masdjid _c[1966?] |
||
| 300 |
_a28 p. _c18 cm. |
||
| 650 | 0 |
_aPrayer _xIslam |
|
| 999 |
_c85162 _d85162 |
||